Statistiques concernant Les plus vieux pays du monde

Cliquez ici pour prendre le quiz!

Statistiques générales

  • Ce quiz a été pris 166 fois
  • Le résultat moyen est 23 sur 30

Statistiques - réponses

% de la popPays% Correct
20,5%France
99%
23,0%Italie
94%
19,6%Espagne
92%
28,0%Japon
91%
21,5%Allemagne
89%
18,1%Pologne
85%
22,4%Portugal
85%
20,1%Suède
85%
17,2%Norvège
84%
18,5%Royaume-Uni
82%
21,1%Finlande
81%
21,9%Grèce
78%
18,8%Suisse
78%
19,0%Belgique
75%
19,6%Hongrie
75%
19,6%Pays-Bas
75%
19,0%Autriche
74%
17,6%Canada
74%
19,9%Danemark
71%
18,7%Roumanie
71%
20,8%Croatie
69%
18,7%Serbie
69%
19,9%Estonie
67%
19,8%République Tchèque
67%
20,1%Slovénie
67%
21,2%Bulgarie
66%
20,1%Lituanie
66%
20,3%Lettonie
65%
17,2%Bosnie-Herzégovine
58%
20,8%Malte
41%

Distribution des résultats

Percentile par nombre de réponses

% des personnes avec chaque résultat

Votre développement - résultats

Vous n’avez pas pris ce quiz